00234 2200109 4500245002400000250001100024100002600035650001600061005001900077041001400096084001400110 aLENONG BETAWIhText aCet. 1 aNajwa Zulaikha Azizah aKarya Siswa a20250424094654 aIndonesia a081 NAJ l